00554nam a2200157Ia 4500003000900000008004100009040001600050110003200066245011800098260001700216300001000233650005100243942000700294999001500301952008000316IN-BaIIA211028s9999 xx 000 0 eng d cIIA Library aPhotometrics limited915556 0aDIPS user's manual for the forth programming systemcPhotometrics limited  aFrancec1986 a724p. aDips users, computer programming system915557 cBK c9255d9255 00104070aBANbKAVcGENd0000-00-00l0p10162r2021-11-05w0000-00-00yBK